000 00555nam a2200205Ia 4500
003 OSt
005 20220925214242.0
006 a|||||r|||| 00| 0
007 ta
008 220923b |||||||| |||| 00| 0 eng d
037 _cGeneral Book
040 _aRTL
_cRTL
_beng
041 _2eng
_aeng
082 _aY9(W)n3,N74, L4.2
100 _aCrew Ivory Ed.
_9279873
245 0 _aPolitics of Race V.2
260 _aLondon
_bCrowHelm
_c1974
942 _hY9(W)n3,N74, L4.2
_cGB
_2CC
999 _c564854
_d564854